000 00303 a2200121 4500
000 nam a22 7a 4500
005 20260302120741.0
020 _a9789385144738
100 _aPrithvi Paasvaan
_91123463
245 _aYog darshan ke vividh aayam
260 _bShivalik Prakashan
_c2024
942 _cTEXL
999 _c1688370
_d1688370